International Yearbook Communication Design 2017-2018 /

Red Dot es una compañía alemana que ha alcanzado el reconocimiento internacional como sinónimo de calidad en el diseño. Cada año realiza un concurso Red Dot Design Award en campos como el diseño del producto, diseño comunicativo y conceptos del diseño. Los anuarios correspondientes exponen trabajos...

Szczegółowa specyfikacja

Zapisane w:
Opis bibliograficzny
Korporacja: Red Dot Design Award
Kolejni autorzy: Zec, Peter (edición) (edición)
Format: Książka
Język:angielski
Wydane: Essen, Alemania : Red Dot, 2018, c2018
Hasła przedmiotowe:
Etykiety: Dodaj etykietę
Nie ma etykietki, Dołącz pierwszą etykiete!

MARC

LEADER 00000nam^a2200000^a^4500
001 000412270
005 20250521000000.0
008 100622 20122012
009 20260526144008.353
020 |a 978 3-89939-199-2 
037 |a Acervo ITESO - Biblioteca 
041 |a ING 
082 |a 709.  |b RED COM 2018 
110 |a Red Dot Design Award 
240 1 1 |a [International Yearbook Communication Design] 
245 1 0 |a International Yearbook Communication Design 2017-2018 /  |c Red Dot Design Award ; ed. de P. Zec. 
264 4 |a Essen, Alemania :  |b Red Dot,  |c 2018, c2018 
300 |a 2 v. (603, 656 p.) ;  |c 30.0 cm. (gran formato) 
336 |a texto  |b txt  |2 rdacontenido 
337 |a sin mediación  |b n  |2 rdamedio 
338 |a volumen  |b nc  |2 rdasoporte 
520 |a Red Dot es una compañía alemana que ha alcanzado el reconocimiento internacional como sinónimo de calidad en el diseño. Cada año realiza un concurso Red Dot Design Award en campos como el diseño del producto, diseño comunicativo y conceptos del diseño. Los anuarios correspondientes exponen trabajos premiados y destacados en cada caso. 
521 |a Peticiones 2019 
649 |a XX 
650 |a Empaques y Bolsas 
650 |a Envases 
650 |a Tipografía 
650 |a Ilustración (Diseño) 
650 |a Carteles 
650 |a Identidad Corporativa 
650 |a Publicidad 
650 |a Diseño Gráfico -  |x Tema Principal 
650 |a Diseño Gráfico -  |x Historia -  |y 2010-2019 -  |x Tema Principal 
650 |a Medios Audiovisuales 
650 |a Comunicación Visual -  |x Tema Principal 
650 |a Comunicación Masiva 
650 |a Arte 
700 |a Zec, Peter  |e (edición) 
910 |a Fondo General 
920 |a Impresos - Libros 
930 |a Reserva Especial 
905 |a 103 
901 |a 0500320947  |b IT1  |c REE  |i c165800  |u 20250521 
901 |a 0500320944  |b IT1  |c REE  |i C165802  |u 20250521 
902 |a https://opac.biblio.iteso.mx/vufind/Record/000412270